On some combinatorial properties of algebraic matroids

Salvato in:
Dettagli Bibliografici
Autore principale: Lovász, László
Natura: Libro
Lingua:inglese
Pubblicazione: Bonn Institut für Ökonometrie und Operations Research 1984
Serie:Report No. 84353
Tags: Aggiungi Tag
Nessun Tag, puoi essere il primo ad aggiungerne!!

MARC

LEADER 00000nam a2200000 4500
001 c109186
005 20181203150305.6
041 0 |a eng 
044 |a DE 
245 1 0 |a On some combinatorial properties of algebraic matroids  |c Láslo Lovász 
264 1 |a Bonn  |b Institut für Ökonometrie und Operations Research  |c 1984 
300 |a 12 s. 
490 1 |a Report  |v No. 84353 
830 0 |a Report  |v No. 84353 
100 1 |a Lovász, László